| 000 | 00678nam a22002531 4500 | ||
|---|---|---|---|
| 001 | 28476 | ||
| 003 | BD-RjUL | ||
| 005 | 20211209051304.0 | ||
| 008 | 140330s19721967enkc b 001 0 eng | ||
| 035 | _a(BD-RjUL)28557 | ||
| 040 |
_aDLC _cDLC _dDLC _beng |
||
| 041 | _aeng | ||
| 082 | 0 | 0 |
_a919.1 _bGRI 1972 |
| 100 | 1 |
_aGrant, Bruce. _972595 |
|
| 245 | 0 | 0 |
_aIndonesia / _cBruce Grant |
| 260 |
_aHarmondsworth, Eng. : _bPenguin Books, _c1967 [Reprinting 1972] |
||
| 300 |
_axi, 247 p. : _bill. ; _c18 cm. |
||
| 490 | 0 | _aA Penguin special | |
| 504 | _aincludes index | ||
| 651 | 0 |
_aIndonesia. _987204 |
|
| 942 |
_2ddc _cBK |
||
| 999 |
_c28476 _d28476 |
||